| 000 | 00607nam a22001697a 4500 | ||
|---|---|---|---|
| 999 |
_c62631 _d62631 |
||
| 003 | Ge_BSU | ||
| 005 | 20241223171341.0 | ||
| 008 | 241223s1937 ge ||||| |||| 00| 0 geo d | ||
| 041 | _ageo | ||
| 080 | _a611.013 ს-34 | ||
| 100 |
_aსაყვარელიძე, სვ. _924005 |
||
| 245 |
_aემბრიოლოგიის საფუძვლები / _cსვ. საყვარელიძე. |
||
| 264 |
_aთბ. : _bსახელგამი, _c1937. |
||
| 300 |
_a174 გვ. : _bილ. ; _c22 სმ. |
||
| 653 | _aემბრიოლოგია | ||
| 942 |
_2udc _cᲬᲘᲒᲜᲘ |
||